<?xml version="1.0" encoding="UTF-8"?><?xml-stylesheet type="text/xsl" href="static/style.xsl"?><OAI-PMH xmlns="http://www.openarchives.org/OAI/2.0/" xmlns:xsi="http://www.w3.org/2001/XMLSchema-instance" xsi:schemaLocation="http://www.openarchives.org/OAI/2.0/ http://www.openarchives.org/OAI/2.0/OAI-PMH.xsd"><responseDate>2026-04-17T13:02:16Z</responseDate><request verb="GetRecord" identifier="oai:www.recercat.cat:2072/421251" metadataPrefix="marc">https://recercat.cat/oai/request</request><GetRecord><record><header><identifier>oai:recercat.cat:2072/421251</identifier><datestamp>2025-05-27T19:20:41Z</datestamp><setSpec>com_2072_98</setSpec><setSpec>col_2072_378196</setSpec></header><metadata><record xmlns="http://www.loc.gov/MARC21/slim" xmlns:dcterms="http://purl.org/dc/terms/" xmlns:xsi="http://www.w3.org/2001/XMLSchema-instance" xmlns:doc="http://www.lyncode.com/xoai" xsi:schemaLocation="http://www.loc.gov/MARC21/slim http://www.loc.gov/standards/marcxml/schema/MARC21slim.xsd">
   <leader>00925njm 22002777a 4500</leader>
   <datafield ind2=" " ind1=" " tag="042">
      <subfield code="a">dc</subfield>
   </datafield>
   <datafield ind2=" " ind1=" " tag="720">
      <subfield code="a">Herrera, Daniel</subfield>
      <subfield code="e">author</subfield>
   </datafield>
   <datafield ind2=" " ind1=" " tag="720">
      <subfield code="a">Universitat Autònoma de Barcelona. Departament de Química</subfield>
      <subfield code="e">author</subfield>
   </datafield>
   <datafield ind2=" " ind1=" " tag="720">
      <subfield code="a">Universitat Autònoma de Barcelona. Facultat de Ciències</subfield>
      <subfield code="e">author</subfield>
   </datafield>
   <datafield ind2=" " ind1=" " tag="260">
      <subfield code="c">2012</subfield>
   </datafield>
   <datafield ind2=" " ind1=" " tag="520">
      <subfield code="a">En el presente trabajo se describe una nueva familia de ligandos trifenilfosfina con sustituyentes trifluorometilo y ácidos carboxílicos. Se ha desarrollado un procedimiento sintético optimizado para estos compuestos, en el que se parte de derivados fácilmente accesibles y permite obtener las fosfinas con elevada pureza y rendimiento. El procedimiento es, además, fácilmente escalable. Las fosfinas sintetizadas han sido completamente caracterizadas por las técnicas habituales. Uno de los ligandos preparados se ha usado en una prueba preliminar de hidroformilación de alqueno con un catalizador Rh/fosfina, en la que se ha ensayado la recuperación del catalizador mediante intercambio de fase a pH controlado. Otro de los ligando se ha anclado a una sílica mesoporosa comercial, usando la función carboxílica. El material resultante del anclaje se ha caracterizado por medio de análisis elemental y RMN en estado sólido (SSNMR) de 31P y 29Si. El proceso de obtención de estas nuevas fosfinas ha permitido explorar el alcance y limitaciones de la reacción de hidrólisis del grupo trifluorometilo en fosfinas arílicas, mediante el uso de ácido sulfúrico fumante y ácido bórico. Parte de estos resultados han sido depositados como patente (Patente española P201231702, 2012). Por otra parte, la nueva familia de ligando fosfinas descrita en este trabajo será comercializados próximamente por Strem, bajo licencia de la UAB.</subfield>
   </datafield>
   <datafield tag="653" ind2=" " ind1=" ">
      <subfield code="a">Catàlisi</subfield>
   </datafield>
   <datafield tag="653" ind2=" " ind1=" ">
      <subfield code="a">Fosfina</subfield>
   </datafield>
   <datafield tag="653" ind2=" " ind1=" ">
      <subfield code="a">Alquens</subfield>
   </datafield>
   <datafield tag="653" ind2=" " ind1=" ">
      <subfield code="a">Àcids carboxílics</subfield>
   </datafield>
   <datafield ind2="0" ind1="0" tag="245">
      <subfield code="a">Síntesis de nuevas triarilfosfinas carboxiladas mediante hidrólisis del grupo trifluorometilo. Aplicaciones en catálisis de intercambio de fase y anclaje sobre sílica</subfield>
   </datafield>
</record></metadata></record></GetRecord></OAI-PMH>